000 00634nam a22001937a 4500
005 20130619153405.0
010 _aENG-107674
020 _a9789381904664
_c395.00
035 _aEN-91207
037 _bDBAD/PUB
245 _aStrategy in the second nuclear age :
_cedited by Toshi Yoshihara [and] James R. Holmes
_bpower, ambition, and the ultimate weapon /
260 _aNew Delhi
_bKW Publishers
_c2013
270 _a4676/2, First Floor, Ansari Road, Daryaganj
_bNew Delhi
_e110002
300 _avi,250p.
_c23cm(pbk)
500 _aincludes index
700 _aYoshihara, Toshi
700 _aHolmes, James R.
942 _2ddc
_cEN
_mSTR
999 _c76765
_d76765